| 000 | 00000nam##2200000za#4500 |
| 001 | 9.643294 |
| 003 | CaOODSP |
| 005 | 20210624224113 |
| 007 | cr ||||||||||| |
| 008 | 150407|1986||||xxc|||||o f|0| 0 fre|d |
| 040 | |aCaOODSP|bfre |
| 043 | |an-cn--- |
| 086 | 1 |aEn108-4/67-1986F-PDF |
| 110 | 1 |aCanada.|bConseil canadien des ministres de l'environnement. |
| 245 | 13|aLa question des BPC |h[ressource électronique] |
| 260 | |aToronto - Ontario : |bConseil canadien des ministres de l'environnement |cAoût 1986. |
| 300 | |a41p.|bfigures, graphiques, tableaux, photographies |
| 504 | |aBibliographie. |
| 590 | |a14-21-Supp|b2014-12-11 |
| 691 | 07|aDéchets dangereux|2gcpds |
| 691 | 07|aProtection de l'environnement|2gcpds |
| 775 | 08|tThe PCB story |w(CaOODSP)9.699181 |
| 856 | 40|ahttp://publications.gc.ca|qPDF|s2.89 Mo|uhttps://publications.gc.ca/collections/collection_2014/ec/En108-4-67-1986-fra.pdf |